| 000 | 00510nam a2200193 a 4500 | ||
|---|---|---|---|
| 001 | 1774865107968 | ||
| 003 | YourLibrary | ||
| 005 | 20260330153907.0 | ||
| 008 | 260330s1998##################000#0#eng## | ||
| 020 | _a9780333741528 | ||
| 082 | 0 | 4 |
_a355.70973 _bSOR |
| 100 | 1 |
_aSorenson, David S., _eauthor. |
|
| 245 | 1 | 0 | _aShutting Down the Cold War : |
| 260 |
_bMacMillan, _c1998. |
||
| 300 | _a308 pages | ||
| 650 | 0 | _aMilitary base closures. | |
| 942 | _cENGLISH | ||
| 040 |
_aYourLibrary _beng _cYourLibrary |
||
| 999 |
_c618402 _d618402 |
||